[Event "FIDE WCC Blitz Women 2019"]
[Site "Moscow"]
[Date "2019.12.30"]
[Round "10.21"]
[White "Buksa, Nataliya"]
[Black "Ambartsumova, Karina"]
[Result "1-0"]
[WhiteElo "2356"]
[BlackElo "2254"]
[Annotator "NA"]
[PlyCount "90"]
[EventDate "2019.12.29"]
[EventType "swiss"]
[EventCountry "RUS"]
[SourceTitle "playchess.com"]
[Source "ChessBase"]
[SourceQuality "1"]

1. e4 c5 2. Nf3 a6 3. Nc3 e6 4. d4 cxd4 5. Nxd4 b5 6. Bd3 Qb6 7. Be3 Bc5 8. Be2 Nc6 9. Nxc6 dxc6 10. Bxc5 Qxc5 11. O-O Nf6 12. a3 O-O 13. Qd3 e5 14. Rad1 Be6 15. h3 Bc4 16. Qd2 Bxe2 17. Qxe2 Rad8 18. Rd3 Rd4 19. Rg3 a5 20. Qf3 Qe7 21. Qf5 b4 22. axb4 axb4 23. Qg5 g6 24. Rf3 Nd5 25. Qxe7 Nxe7 26. Na4 Rxe4 27. Rf6 Re2 28. c3 bxc3 29. bxc3 Kg7 30. Rd6 Ra8 31. Nb6 Raa2 32. Nc4 Rac2 33. Rd7 Nf5 34. g4 Nh4 35. Nd6 Nf3+ 36. Kg2 Ne1+ 37. Kg3 Rxc3+ 38. Kh2 Rf3 39. g5 Rexf2+ 40. Rxf2 Rxf2+ 41. Kg3 Rf3+ 42. Kg4 Rf4+ 43. Kg3 Nf3 44. Ne8+ Kf8 45. Rd8 Ke7 1-0

[Event "FIDE WCC Blitz Women 2019"]
[Site "Moscow"]
[Date "2019.12.30"]
[Round "10.22"]
[White "Guseva, Marina"]
[Black "Girya, Olga"]
[Result "0-1"]
[WhiteElo "2245"]
[BlackElo "2337"]
[Annotator "NA"]
[PlyCount "72"]
[EventDate "2019.12.29"]
[EventType "swiss"]
[EventCountry "RUS"]
[SourceTitle "playchess.com"]
[Source "ChessBase"]
[SourceQuality "1"]

1. d4 Nf6 2. c4 e6 3. Nc3 Bb4 4. f3 d5 5. a3 Be7 6. e4 dxe4 7. fxe4 c5 8. d5 exd5 9. exd5 O-O 10. Nf3 Re8 11. Be2 Bg4 12. O-O Bd6 13. h3 Bh5 14. Bg5 Nbd7 15. Qc2 a6 16. Bd3 Qc7 17. Ne4 Nxe4 18. Bxe4 Bg6 19. Bxg6 hxg6 20. Rae1 b5 21. b3 Rab8 22. Bc1 Ne5 23. Ng5 Re7 24. Qf2 f6 25. Ne6 Qd7 26. Qc2 bxc4 27. bxc4 Qe8 28. Bf4 Reb7 29. Bxe5 Bxe5 30. Rb1 Rb2 31. Rxb2 Rxb2 32. Qe4 Rd2 33. h4 Rd4 34. Nxd4 Bxd4+ 35. Qxd4 cxd4 36. d6 Qc6 0-1

[Event "FIDE WCC Blitz Women 2019"]
[Site "Moscow"]
[Date "2019.12.30"]
[Round "10.23"]
[White "Serikbay, Assel"]
[Black "Heinemann, Josefine"]
[Result "0-1"]
[WhiteElo "2028"]
[BlackElo "2325"]
[Annotator "NA"]
[PlyCount "84"]
[EventDate "2019.12.29"]
[EventType "swiss"]
[EventCountry "RUS"]
[SourceTitle "playchess.com"]
[Source "ChessBase"]
[SourceQuality "1"]

1. d4 Nf6 2. c4 g6 3. g3 c6 4. Bg2 d5 5. Nf3 Bg7 6. O-O O-O 7. Nc3 Qb6 8. b3 Ne4 9. Bb2 Nxc3 10. Bxc3 a5 11. Ne5 Rd8 12. Qc1 Be6 13. c5 Qc7 14. Nd3 Bf5 15. Ne5 Nd7 16. f4 Nf6 17. g4 Nxg4 18. Rf3 Nf6 19. Bb2 Be4 20. Rf1 Bxg2 21. Kxg2 Qc8 22. Qe3 Qf5 23. Qf3 Qe4 24. Rac1 h5 25. a3 Qxf3+ 26. Rxf3 Ne4 27. Rd3 f6 28. Nf3 Kf7 29. Rf1 Bh6 30. e3 Ra6 31. h4 b6 32. cxb6 Rxb6 33. Rc1 Rdb8 34. Ba1 Rxb3 35. Rxb3 Rxb3 36. Rxc6 Rxa3 37. Bb2 Ra2 38. Rb6 a4 39. Kf1 a3 40. Bc1 Ra1 41. Rc6 a2 42. Ke2 Rb1 0-1

[Event "FIDE WCC Blitz Women 2019"]
[Site "Moscow"]
[Date "2019.12.30"]
[Round "10.24"]
[White "Shuvalova, Polina"]
[Black "Hejazipour, Mitra"]
[Result "1-0"]
[WhiteElo "2302"]
[BlackElo "2191"]
[Annotator "NA"]
[PlyCount "171"]
[EventDate "2019.12.29"]
[EventType "swiss"]
[EventCountry "RUS"]
[SourceTitle "playchess.com"]
[Source "ChessBase"]
[SourceQuality "1"]

1. e4 c5 2. Nf3 d6 3. Bb5+ Nd7 4. c3 Ngf6 5. Qe2 a6 6. Ba4 b5 7. Bc2 Bb7 8. O-O e6 9. d4 Be7 10. Rd1 Qc7 11. a4 cxd4 12. cxd4 b4 13. a5 O-O 14. Bd3 e5 15. d5 Nc5 16. Be3 Nfd7 17. Nbd2 Rfc8 18. Rdc1 Qd8 19. Bc4 h6 20. h3 Nf6 21. Bd3 Nfd7 22. Bc4 Nf6 23. Ne1 Qe8 24. Bxc5 Rxc5 25. Nd3 Rc7 26. Nxb4 Qc8 27. b3 Nd7 28. Nc6 Bxc6 29. dxc6 Rxc6 30. Rd1 Nf6 31. Nf1 Ra7 32. Qd3 Rc5 33. Ne3 Qc7 34. Nf5 Bf8 35. Qe3 Ra8 36. Qe1 g6 37. Ne3 Ra7 38. Ng4 Nxg4 39. hxg4 Be7 40. Rd3 Kg7 41. Rf3 Bf6 42. Qd2 Qc8 43. Qxd6 Bg5 44. Rd1 Qf8 45. Qxf8+ Kxf8 46. Rd6 Kg7 47. Rxa6 Rxa6 48. Bxa6 Rxa5 49. Bc4 Bf4 50. g3 Bg5 51. Kg2 Ra7 52. Rd3 Be7 53. Rd5 Kf6 54. Rb5 Rd7 55. Rb6+ Rd6 56. Rb7 Rd4 57. Bd5 Rb4 58. Ra7 Rb8 59. Ra6+ Kg7 60. Ra7 Kf6 61. Rd7 Rb6 62. Rc7 Rb8 63. Rc6+ Kg7 64. Ra6 Rb4 65. Kf3 Rb8 66. Ke2 Rc8 67. Kd3 Rc7 68. f4 exf4 69. gxf4 h5 70. gxh5 gxh5 71. e5 Rd7 72. Ke4 h4 73. Ra1 Rc7 74. Rg1+ Kh6 75. Bxf7 h3 76. Rh1 Rc3 77. Bc4 Rg3 78. f5 Kg5 79. f6 Bxf6 80. exf6 Kxf6 81. Be6 Kg5 82. Rxh3 Rg2 83. Re3 Rb2 84. Bc4 Kf6 85. Kd4 Rb1 86. Kc5 1-0

[Event "FIDE WCC Blitz Women 2019"]
[Site "Moscow"]
[Date "2019.12.30"]
[Round "10.25"]
[White "Mammadova, Gulnar"]
[Black "Nurgali, Nazerke"]
[Result "1-0"]
[WhiteElo "2293"]
[BlackElo "2075"]
[Annotator "NA"]
[PlyCount "79"]
[EventDate "2019.12.29"]
[EventType "swiss"]
[EventCountry "RUS"]
[SourceTitle "playchess.com"]
[Source "ChessBase"]
[SourceQuality "1"]

1. e4 c6 2. d4 d5 3. e5 Bf5 4. Nf3 e6 5. Nbd2 Ne7 6. Nb3 Nd7 7. Be2 c5 8. c3 Nc6 9. O-O Be7 10. Be3 O-O 11. h3 c4 12. Nbd2 b5 13. a3 a5 14. g4 Bg6 15. Ne1 f5 16. exf6 Nxf6 17. f4 Ne4 18. Nxe4 Bxe4 19. Nf3 b4 20. Nd2 Bg6 21. Qe1 Bh4 22. Bf2 Bxf2+ 23. Qxf2 e5 24. dxe5 Nxe5 25. axb4 axb4 26. Rxa8 Qxa8 27. Qd4 Nc6 28. Qxd5+ Bf7 29. Qg2 bxc3 30. bxc3 Qa7+ 31. Qf2 Qa2 32. Bf3 Ne7 33. Ne4 Qb3 34. Qc5 Nd5 35. Ng5 Nxf4 36. Nxf7 Nxh3+ 37. Kh2 Nf4 38. Bd5 Qc2+ 39. Rf2 Qc1 40. Nh6+ 1-0

[Event "FIDE WCC Blitz Women 2019"]
[Site "Moscow"]
[Date "2019.12.30"]
[Round "10.26"]
[White "Maltsevskaya, Aleksandra"]
[Black "Styazhkina, Anna"]
[Result "1/2-1/2"]
[WhiteElo "2280"]
[BlackElo "2159"]
[Annotator "NA"]
[PlyCount "76"]
[EventDate "2019.12.29"]
[EventType "swiss"]
[EventCountry "RUS"]
[SourceTitle "playchess.com"]
[Source "ChessBase"]
[SourceQuality "1"]

1. Nf3 d5 2. g3 c6 3. Bg2 Bg4 4. O-O Nd7 5. d3 e5 6. b3 Bd6 7. Bb2 Ngf6 8. h3 Bh5 9. Nbd2 O-O 10. Nh4 Re8 11. Nf5 Bc7 12. g4 Bg6 13. e4 Nc5 14. h4 h6 15. g5 hxg5 16. hxg5 Nh7 17. Qe2 Nxg5 18. Ng3 Nce6 19. Qg4 Nf4 20. Nf3 Nxf3+ 21. Bxf3 d4 22. Bc1 Qf6 23. Nf5 Bxf5 24. exf5 g6 25. Be4 Kg7 26. Bxf4 exf4 27. Kg2 Rh8 28. Rh1 g5 29. Rag1 Be5 30. Kf3 Rxh1 31. Rxh1 Rh8 32. Rg1 Kf8 33. Qxg5 Rh3+ 34. Ke2 Qxg5 35. Rxg5 f6 36. Rg6 Rh2 37. Rg2 Rxg2 38. Bxg2 Ke7 1/2-1/2

[Event "FIDE WCC Blitz Women 2019"]
[Site "Moscow"]
[Date "2019.12.30"]
[Round "10.27"]
[White "Khomeriki, Nino"]
[Black "Danielian, Elina"]
[Result "1-0"]
[WhiteElo "2177"]
[BlackElo "2341"]
[Annotator "NA"]
[PlyCount "135"]
[EventDate "2019.12.29"]
[EventType "swiss"]
[EventCountry "RUS"]
[SourceTitle "playchess.com"]
[Source "ChessBase"]
[SourceQuality "1"]

1. d4 d6 2. Nf3 Bg4 3. c4 Bxf3 4. exf3 c6 5. Nc3 g6 6. g3 Bg7 7. Bh3 Nd7 8. O-O Ngf6 9. f4 e6 10. d5 cxd5 11. cxd5 e5 12. fxe5 dxe5 13. Bg5 O-O 14. Qd2 Qb6 15. Rad1 Qd6 16. Rfe1 a6 17. Bxd7 Nxd7 18. Ne4 Qb6 19. Be7 Rfe8 20. d6 Rac8 21. Rc1 Rc6 22. Qd5 Qb5 23. Qxb5 axb5 24. Rxc6 bxc6 25. Rc1 Rc8 26. Nc5 Nf6 27. d7 Nxd7 28. Nxd7 Rc7 29. Rd1 f5 30. Bb4 e4 31. Bc3 c5 32. Nb6 c4 33. Nd5 Rb7 34. Bxg7 Kxg7 35. a3 Kf7 36. Nb4 Ke6 37. Kf1 g5 38. Ke2 h5 39. Rd8 f4 40. gxf4 gxf4 41. Rh8 Rg7 42. Rh6+ Kd7 43. Rxh5 Rg2 44. Rf5 f3+ 45. Ke3 Rxh2 46. Rxb5 Rh1 47. Rd5+ Ke6 48. Rd2 Kf5 49. Rd5+ Ke6 50. Kxe4 Rb1 51. Rd2 c3 52. bxc3 Rb3 53. Kxf3 Rxa3 54. Rd3 Ke5 55. Re3+ Kf5 56. c4 Ra4 57. Rb3 Ke5 58. Ke3 Kf5 59. Kd4 Kf4 60. c5 Ra1 61. c6 Kf5 62. Rc3 Rb1 63. Kc5 Ke6 64. Rd3 Rc1+ 65. Kb6 Rb1 66. Rd4 Ke5 67. Rc4 Kd6 68. c7 1-0

[Event "FIDE WCC Blitz Women 2019"]
[Site "Moscow"]
[Date "2019.12.30"]
[Round "10.28"]
[White "Kulon, Klaudia"]
[Black "Nebolsina, Vera"]
[Result "0-1"]
[WhiteElo "2457"]
[BlackElo "2252"]
[Annotator "ChessBase"]
[PlyCount "94"]
[EventDate "2019.12.29"]
[EventType "swiss"]
[EventCountry "RUS"]
[SourceTitle "playchess.com"]
[Source "ChessBase"]
[SourceQuality "1"]

1. d4 g6 2. c4 Bg7 3. Nc3 Nf6 4. g3 d6 5. Bg2 O-O 6. e3 c6 7. Nge2 e5 8. O-O Nbd7 9. h3 Qe7 10. b3 Rd8 11. Ba3 Nf8 12. Rc1 exd4 13. exd4 Bf5 14. Re1 Qd7 15. g4 Nxg4 16. hxg4 Bxg4 17. Qd2 h5 18. Ne4 Bxe2 19. Qxe2 Ne6 20. Nxd6 Nxd4 21. Qe7 Qg4 22. Qxf7+ Kh7 23. Ne4 Ne2+ 24. Rxe2 Qxe2 25. Bf3 Qxa2 26. Bc5 Qb2 27. Rf1 Rf8 28. Bxf8 Rxf8 29. Ng5+ Kh6 30. Qe7 Qf6 31. Qxb7 Qxg5+ 32. Bg2 Qf4 33. Qxc6 Be5 34. f3 Bd4+ 35. Rf2 Qc1+ 36. Bf1 Qg5+ 37. Bg2 Qg3 38. Qe4 Qxf2+ 39. Kh2 Qg1+ 40. Kh3 Qe3 41. Qd5 Qf4 42. c5 Qf5+ 43. Qxf5 Rxf5 44. b4 a5 45. c6 axb4 46. f4 Rc5 47. Kg3 b3 0-1

[Event "FIDE WCC Blitz Women 2019"]
[Site "Moscow"]
[Date "2019.12.30"]
[Round "10.29"]
[White "Ushenina, Anna"]
[Black "Solozhenkina, Elizaveta"]
[Result "0-1"]
[WhiteElo "2424"]
[BlackElo "2214"]
[Annotator "NA"]
[PlyCount "89"]
[EventDate "2019.12.29"]
[EventType "swiss"]
[EventCountry "RUS"]
[SourceTitle "playchess.com"]
[Source "ChessBase"]
[SourceQuality "1"]

1. d4 Nc6 2. Nf3 d6 3. d5 Nb8 4. e4 g6 5. Be2 Bg7 6. O-O Nf6 7. Nc3 O-O 8. h3 c6 9. Be3 Nbd7 10. a4 Qa5 11. Nd2 cxd5 12. Nb3 Qc7 13. exd5 a6 14. a5 Ne5 15. Bb6 Qb8 16. Bd4 h5 17. Re1 Bf5 18. Bf1 Rc8 19. Ra4 Qc7 20. f4 Ned7 21. Rxe7 Qd8 22. Re1 h4 23. Rb4 Rc7 24. Bd3 Bxd3 25. Qxd3 Rac8 26. Qe2 Nh5 27. Bxg7 Kxg7 28. Qe3 Ndf6 29. f5 Rc4 30. Rxb7 R8c7 31. Rxc7 Qxc7 32. fxg6 Kxg6 33. Kh2 Ng3 34. Nd2 Rc5 35. Nde4 Nxd5 36. Nxd5 Rxd5 37. Nxg3 hxg3+ 38. Qxg3+ Rg5 39. Qd3+ Kh6 40. c3 d5+ 41. Kh1 Qf4 42. Qe3 Qh4 43. Rf1 Kg7 44. Qf3 Qh5 45. Qf6+ 0-1

[Event "FIDE WCC Blitz Women 2019"]
[Site "Moscow"]
[Date "2019.12.30"]
[Round "10.30"]
[White "Cramling, Pia"]
[Black "Bivol, Alina"]
[Result "1/2-1/2"]
[WhiteElo "2383"]
[BlackElo "2186"]
[Annotator "NA"]
[PlyCount "84"]
[EventDate "2019.12.29"]
[EventType "swiss"]
[EventCountry "RUS"]
[SourceTitle "playchess.com"]
[Source "ChessBase"]
[SourceQuality "1"]

1. d4 Nf6 2. c4 g6 3. Nc3 Bg7 4. e4 d6 5. h3 O-O 6. Be3 a6 7. Nf3 c6 8. Be2 b5 9. a3 bxc4 10. Bxc4 Nxe4 11. Nxe4 d5 12. Bd3 dxe4 13. Bxe4 Nd7 14. Bxc6 Rb8 15. b4 e5 16. O-O exd4 17. Bxd4 f6 18. Qb3+ Kh8 19. Rfd1 Bb7 20. Bxb7 Rxb7 21. Qd5 Qb8 22. Rac1 h5 23. Nh4 Kh7 24. Qe4 f5 25. Qe6 Nf6 26. Nf3 a5 27. Bc5 Re8 28. Ng5+ Kh6 29. Nf7+ Kh7 30. Qb3 axb4 31. axb4 Ne4 32. Be3 Ree7 33. Ng5+ Nxg5 34. Bxg5 Rxb4 35. Qd5 Reb7 36. Re1 Rb1 37. g3 Rxc1 38. Rxc1 Rb1 39. Rxb1 Qxb1+ 40. Kg2 Qb6 41. Be3 Qc7 42. h4 Bf6 1/2-1/2

[Event "FIDE WCC Blitz Women 2019"]
[Site "Moscow"]
[Date "2019.12.30"]
[Round "10.31"]
[White "Zatonskih, Anna"]
[Black "Balaian, Alina"]
[Result "0-1"]
[WhiteElo "2374"]
[BlackElo "2173"]
[Annotator "NA"]
[PlyCount "60"]
[EventDate "2019.12.29"]
[EventType "swiss"]
[EventCountry "RUS"]
[SourceTitle "playchess.com"]
[Source "ChessBase"]
[SourceQuality "1"]

1. e4 e6 2. d4 d5 3. Nd2 Nf6 4. e5 Nfd7 5. c3 c5 6. Bd3 Nc6 7. Ne2 cxd4 8. cxd4 f6 9. exf6 Nxf6 10. O-O Bd6 11. Nf3 Qc7 12. Bg5 O-O 13. Bh4 Nh5 14. Qc2 h6 15. Bh7+ Kh8 16. Bg6 Rxf3 17. gxf3 Bxh2+ 18. Kg2 Nf4+ 19. Nxf4 Qxf4 20. Bg3 Bxg3 21. fxg3 Qxd4 22. Rad1 Qf6 23. Be8 e5 24. Bxc6 bxc6 25. b3 Bf5 26. Qc5 e4 27. fxe4 Bxe4+ 28. Kg1 Qg5 29. Qf2 Kh7 30. Rc1 Rf8 0-1

[Event "FIDE WCC Blitz Women 2019"]
[Site "Moscow"]
[Date "2019.12.30"]
[Round "10.32"]
[White "Pourkashiyan, Atousa"]
[Black "Munkhzul, Turmunkh"]
[Result "0-1"]
[WhiteElo "2327"]
[BlackElo "2139"]
[Annotator "NA"]
[PlyCount "136"]
[EventDate "2019.12.29"]
[EventType "swiss"]
[EventCountry "RUS"]
[SourceTitle "playchess.com"]
[Source "ChessBase"]
[SourceQuality "1"]

1. e4 e5 2. Nf3 Nc6 3. Bb5 a6 4. Ba4 Nf6 5. O-O Be7 6. Re1 b5 7. Bb3 O-O 8. h3 Bb7 9. d3 d5 10. Nbd2 dxe4 11. dxe4 Bc5 12. c3 h6 13. Qe2 Qe7 14. Nf1 Na5 15. Bc2 Nc4 16. Ng3 Nd6 17. Nh4 Rad8 18. Nhf5 Nxf5 19. Nxf5 Qe6 20. Qf3 Nh7 21. b4 Bd6 22. Be3 Ng5 23. Qg4 Qg6 24. Rad1 Nxe4 25. Qf3 Nc5 26. Qg4 Qxg4 27. hxg4 Ne6 28. f3 Rfe8 29. Bb3 Bc8 30. Bd5 Bf8 31. Bc6 Rxd1 32. Rxd1 Rd8 33. Rxd8 Nxd8 34. Be4 Be6 35. a3 f6 36. Ba7 g6 37. Ne3 Kf7 38. Bb8 c5 39. Bc7 cxb4 40. cxb4 Be7 41. Nd5 f5 42. gxf5 gxf5 43. Nxe7 Kxe7 44. Ba8 Nf7 45. Bb7 Bc4 46. Bxa6 Kd7 47. Bb8 Nd6 48. Bxd6 Kxd6 49. Bc8 Bd3 50. Kf2 f4 51. g3 Kd5 52. g4 Kd4 53. Kg2 Kc3 54. Bd7 Kb3 55. Kh3 Kxa3 56. Bf5 Be2 57. Be4 Kxb4 58. Kh4 Kc4 59. Kh5 b4 60. Kxh6 b3 61. g5 Bd3 62. Bxd3+ Kxd3 63. g6 b2 64. g7 b1=Q 65. g8=Q Qh1+ 66. Kg7 Qg2+ 67. Kf7 Qxg8+ 68. Kxg8 e4 0-1

[Event "FIDE WCC Blitz Women 2019"]
[Site "Moscow"]
[Date "2019.12.30"]
[Round "10.33"]
[White "Injac, Teodora"]
[Black "Nomin-Erdene, Davaademberel"]
[Result "1-0"]
[WhiteElo "2236"]
[BlackElo "2298"]
[Annotator "NA"]
[PlyCount "115"]
[EventDate "2019.12.29"]
[EventType "swiss"]
[EventCountry "RUS"]
[SourceTitle "playchess.com"]
[Source "ChessBase"]
[SourceQuality "1"]

1. Nf3 d5 2. g3 Nc6 3. d4 Bf5 4. Bg2 Nb4 5. Na3 e6 6. O-O Nf6 7. c3 Na6 8. Nc2 Bd6 9. c4 Be4 10. c5 Be7 11. b4 c6 12. Bf4 O-O 13. Rb1 Nc7 14. a4 b6 15. Ne5 Qe8 16. f3 Bxc2 17. Qxc2 Nh5 18. Bd2 b5 19. g4 Nf6 20. Bf4 Bd8 21. Ra1 h6 22. Bg3 Nh7 23. Nd3 Rb8 24. Bd6 f6 25. Bxf8 Nxf8 26. e4 dxe4 27. fxe4 Qd7 28. Qf2 Ng6 29. h4 Nf8 30. g5 hxg5 31. hxg5 Ng6 32. gxf6 Bxf6 33. e5 Bg5 34. Kh1 Bh4 35. Qe3 Nd5 36. Qe4 Kh7 37. Nf4 Ndxf4 38. Rxf4 Bg5 39. Rg4 Qe7 40. Bf1 Kh6 41. Bd3 Qf7 42. Rf1 Qe8 43. Rf3 Kh7 44. Rh3+ Bh6 45. Rhg3 Qf7 46. Qxg6+ Qxg6 47. Bxg6+ Kg8 48. a5 Rd8 49. Be4 Rc8 50. Rg6 Kf7 51. Bc2 Rc7 52. Bb3 Re7 53. R6g4 Rd7 54. Rf3+ Ke7 55. Kg2 Rd8 56. Rg6 Rxd4 57. Rxe6+ Kd8 58. Rd6+ 1-0

[Event "FIDE WCC Blitz Women 2019"]
[Site "Moscow"]
[Date "2019.12.30"]
[Round "10.34"]
[White "Bulatova, Kamaliya"]
[Black "Kovalevskaya, Ekaterina"]
[Result "0-1"]
[WhiteElo "2038"]
[BlackElo "2286"]
[Annotator "NA"]
[PlyCount "76"]
[EventDate "2019.12.29"]
[EventType "swiss"]
[EventCountry "RUS"]
[SourceTitle "playchess.com"]
[Source "ChessBase"]
[SourceQuality "1"]

1. d4 d5 2. Nf3 e6 3. g3 c5 4. Bg2 Nf6 5. O-O Nc6 6. c3 Be7 7. dxc5 Bxc5 8. b4 Bd6 9. Bb2 O-O 10. Nbd2 e5 11. a3 e4 12. Nd4 Nxd4 13. cxd4 Re8 14. Nb3 b6 15. Rc1 Ba6 16. Bh3 Bc8 17. Bg2 Qd7 18. Re1 Ba6 19. e3 Rac8 20. Qd2 Bc4 21. Na1 h5 22. h4 Rc7 23. Nc2 Rec8 24. Red1 Bb3 25. Na1 Bxd1 26. Qxd1 Rxc1 27. Bxc1 Ng4 28. Bh3 Qb5 29. Bxg4 hxg4 30. Bd2 Qd3 31. Qe1 Qxa3 32. Kg2 Rc4 33. b5 Bb4 34. Bxb4 Qxb4 35. Qd1 Qb2 36. Nb3 Rc2 37. Qxg4 Rxf2+ 38. Kg1 Rg2+ 0-1

[Event "FIDE WCC Blitz Women 2019"]
[Site "Moscow"]
[Date "2019.12.30"]
[Round "10.35"]
[White "Fominykh, Maria"]
[Black "Mamedjarova, Turkan"]
[Result "1-0"]
[WhiteElo "2055"]
[BlackElo "2273"]
[Annotator "NA"]
[PlyCount "71"]
[EventDate "2019.12.29"]
[EventType "swiss"]
[EventCountry "RUS"]
[SourceTitle "playchess.com"]
[Source "ChessBase"]
[SourceQuality "1"]

1. Nf3 d5 2. g3 Nf6 3. Bg2 c5 4. c4 d4 5. e3 Nc6 6. exd4 cxd4 7. O-O g6 8. d3 Bg7 9. Re1 O-O 10. Na3 Bf5 11. h3 Nb4 12. Bf1 h5 13. Nb5 Nc6 14. Bg5 Qd7 15. Kh2 Rfe8 16. Bf4 Rac8 17. Ne5 Nxe5 18. Bxe5 Nh7 19. Bxg7 Kxg7 20. f4 a6 21. Na3 Qd6 22. Qf3 Rc7 23. Nc2 Nf8 24. Re5 Qb6 25. b4 Rd8 26. c5 Qb5 27. a4 Qd7 28. Rae1 Be6 29. g4 Bb3 30. Qe2 f6 31. Rxe7+ Qxe7 32. Qxe7+ Rxe7 33. Rxe7+ Kh6 34. Ne1 Bxa4 35. Nf3 Bc6 36. g5+ 1-0

[Event "FIDE WCC Blitz Women 2019"]
[Site "Moscow"]
[Date "2019.12.30"]
[Round "10.36"]
[White "Khademalsharieh, Sarasadat"]
[Black "Tsogzolmaa, Nanjid"]
[Result "1-0"]
[WhiteElo "2463"]
[BlackElo "1775"]
[Annotator "ChessBase"]
[PlyCount "79"]
[EventDate "2019.12.29"]
[EventType "swiss"]
[EventCountry "RUS"]
[SourceTitle "playchess.com"]
[Source "ChessBase"]
[SourceQuality "1"]

1. Nf3 Nf6 2. c4 e6 3. e3 d5 4. b3 Be7 5. Bb2 O-O 6. Nc3 b6 7. g3 Bb7 8. Bg2 Nbd7 9. O-O h6 10. Qe2 Rc8 11. d3 c5 12. h3 Re8 13. Rad1 Bf8 14. Ne1 a6 15. f4 Qc7 16. e4 dxe4 17. dxe4 e5 18. f5 Rcd8 19. Nc2 Nb8 20. Nd5 Nxd5 21. exd5 f6 22. Be4 Bd6 23. g4 Nd7 24. h4 Nf8 25. Bc1 Nh7 26. Rf2 Be7 27. Rg2 Qd6 28. Ne1 Kh8 29. Nf3 Bc8 30. Kh1 Rf8 31. Rdg1 Rde8 32. Qd3 Qd8 33. g5 fxg5 34. hxg5 Nxg5 35. Bxg5 Bxg5 36. Rxg5 hxg5 37. Nxg5 Rf6 38. Qh3+ Rh6 39. Nf7+ Kg8 40. Nxh6+ 1-0

[Event "FIDE WCC Blitz Women 2019"]
[Site "Moscow"]
[Date "2019.12.30"]
[Round "10.37"]
[White "Mikhaylova, Irina"]
[Black "Mamedjarova, Zeinab"]
[Result "0-1"]
[WhiteElo "2090"]
[BlackElo "2325"]
[Annotator "NA"]
[PlyCount "106"]
[EventDate "2019.12.29"]
[EventType "swiss"]
[EventCountry "RUS"]
[SourceTitle "playchess.com"]
[Source "ChessBase"]
[SourceQuality "1"]

1. Nf3 d5 2. d4 Bf5 3. c4 e6 4. Nc3 dxc4 5. e4 Bg6 6. Bxc4 Nf6 7. e5 Nfd7 8. O-O Be7 9. d5 Nb6 10. Bb5+ c6 11. dxc6 Nxc6 12. Bf4 O-O 13. h3 Nb4 14. a3 N4d5 15. Nxd5 Nxd5 16. Bg3 Qb6 17. Qb3 Rac8 18. Bc4 Be4 19. Bxd5 Bxd5 20. Qxb6 axb6 21. Rfc1 Rc5 22. Rxc5 bxc5 23. Rc1 h6 24. Nd2 Rd8 25. Nc4 b5 26. Ne3 Be4 27. Rd1 Bd3 28. f4 c4 29. Bf2 f6 30. Ng4 h5 31. Nh2 fxe5 32. fxe5 Bg5 33. Nf3 Bf4 34. g3 Bh6 35. Ne1 g6 36. Kg2 Bg7 37. Nf3 Rd5 38. Re1 Kf7 39. Bb6 Ke7 40. Bc7 Kd7 41. Bd6 Bf5 42. Re2 Rd1 43. Kf2 Bd3 44. Rd2 Rf1+ 45. Kg2 Rb1 46. Rf2 Bh6 47. h4 Bc1 48. Ng5 Rxb2 49. Rxb2 Bxb2 50. Nf3 Be4 51. Kf2 Bxf3 52. Kxf3 c3 53. Ke2 c2 0-1

[Event "FIDE WCC Blitz Women 2019"]
[Site "Moscow"]
[Date "2019.12.30"]
[Round "10.38"]
[White "Assaubayeva, Bibisara"]
[Black "Semenova, Elena"]
[Result "1-0"]
[WhiteElo "2323"]
[BlackElo "2114"]
[Annotator "NA"]
[PlyCount "73"]
[EventDate "2019.12.29"]
[EventType "swiss"]
[EventCountry "RUS"]
[SourceTitle "playchess.com"]
[Source "ChessBase"]
[SourceQuality "1"]

1. d4 f5 2. Nf3 Nf6 3. Bf4 d6 4. e3 g6 5. c4 Bg7 6. Nc3 c6 7. Be2 O-O 8. Qb3 Kh8 9. O-O h6 10. h3 Nbd7 11. Rad1 Qe8 12. Rfe1 e5 13. Bh2 e4 14. Nd2 Qe6 15. d5 cxd5 16. cxd5 Qe7 17. Nc4 Ne8 18. Nb5 Ne5 19. Nxe5 Bxe5 20. Bxe5+ Qxe5 21. Rc1 Bd7 22. Nc7 Rb8 23. Na6 Rd8 24. Qxb7 f4 25. exf4 Qxf4 26. Qxa7 Nf6 27. Nc7 Qg5 28. Qe3 Qe5 29. Qxh6+ Kg8 30. Qxg6+ Kh8 31. Qh6+ Kg8 32. Ne6 Bxe6 33. dxe6 Qxe6 34. Rc7 Rd7 35. Bg4 Qe7 36. Rxd7 Nxd7 37. Be6+ 1-0

[Event "FIDE WCC Blitz Women 2019"]
[Site "Moscow"]
[Date "2019.12.30"]
[Round "10.39"]
[White "Potapova, Margarita"]
[Black "Dauletova, Gulmira"]
[Result "1-0"]
[WhiteElo "2259"]
[BlackElo "2112"]
[Annotator "NA"]
[PlyCount "47"]
[EventDate "2019.12.29"]
[EventType "swiss"]
[EventCountry "RUS"]
[SourceTitle "playchess.com"]
[Source "ChessBase"]
[SourceQuality "1"]

1. d4 Nf6 2. c4 e6 3. Nf3 d5 4. Nc3 Bb4 5. Qa4+ Nc6 6. a3 Bxc3+ 7. bxc3 O-O 8. Bg5 h6 9. Bh4 g5 10. Bg3 Ne4 11. e3 h5 12. cxd5 exd5 13. c4 Be6 14. cxd5 Bxd5 15. Bc4 Rc8 16. O-O h4 17. Be5 f6 18. Qb3 Ne7 19. Qc2 Bxc4 20. Qxe4 fxe5 21. Nxg5 Nf5 22. dxe5 Bd5 23. Qg4 Kh8 24. Qh5+ 1-0

[Event "FIDE WCC Blitz Women 2019"]
[Site "Moscow"]
[Date "2019.12.30"]
[Round "10.40"]
[White "Nosacheva, Mariya"]
[Black "Osmak, Iulija"]
[Result "0-1"]
[WhiteElo "2062"]
[BlackElo "2242"]
[Annotator "NA"]
[PlyCount "41"]
[EventDate "2019.12.29"]
[EventType "swiss"]
[EventCountry "RUS"]
[SourceTitle "playchess.com"]
[Source "ChessBase"]
[SourceQuality "1"]

1. e4 d6 2. d4 Nf6 3. Nc3 c6 4. Nf3 Bg4 5. h3 Bxf3 6. Qxf3 e6 7. Bg5 Be7 8. O-O-O d5 9. e5 Nfd7 10. Bxe7 Qxe7 11. Qg4 O-O 12. Bd3 c5 13. dxc5 Nc6 14. f4 Nxc5 15. Rhe1 Rad8 16. f5 Nxd3+ 17. Rxd3 exf5 18. Qxf5 Qe6 19. g4 Rfe8 20. Rf3 Qxf5 21. gxf5 0-1

[Event "FIDE WCC Blitz Women 2019"]
[Site "Moscow"]
[Date "2019.12.30"]
[Round "10.41"]
[White "Protopopova, Anastasiya"]
[Black "Kovanova, Baira"]
[Result "1-0"]
[WhiteElo "2084"]
[BlackElo "2218"]
[Annotator "NA"]
[PlyCount "83"]
[EventDate "2019.12.29"]
[EventType "swiss"]
[EventCountry "RUS"]
[SourceTitle "playchess.com"]
[Source "ChessBase"]
[SourceQuality "1"]

1. d4 Nf6 2. c4 e6 3. Nc3 Bb4 4. e3 O-O 5. Nge2 d5 6. cxd5 exd5 7. g3 Re8 8. Bg2 c6 9. O-O a5 10. f3 c5 11. a3 Bxc3 12. bxc3 Nc6 13. Kh1 Bf5 14. g4 Bg6 15. g5 Nh5 16. f4 Be4 17. Ng3 Nxg3+ 18. hxg3 Qd7 19. Qh5 cxd4 20. cxd4 Qf5 21. Ra2 Rac8 22. g4 Bxg2+ 23. Rxg2 Qe4 24. f5 Ne7 25. Bd2 Rc2 26. Rf4 Qd3 27. Rh2 h6 28. Rff2 Qe4+ 29. Kg1 Rb2 30. gxh6 Rb1+ 31. Rf1 Rxf1+ 32. Kxf1 Qf3+ 33. Ke1 Qg3+ 34. Ke2 Nxf5 35. gxf5 g6 36. fxg6 fxg6 37. h7+ Kh8 38. Qh4 Qd6 39. Rf2 Qc7 40. Qf6+ Kxh7 41. Rf4 Qc4+ 42. Ke1 1-0